000 00390 a2200121 4500
001 ART_2356
005 20260410161725.0
008 260409a
245 1 0 _aAdministración estratégica en momentos de alta inflación
100 1 _aSerra, Roberto
700 1 _aHermida, Jorge Alfredo
773 0 _tAdministración de empresas
_g- Año XVI, Nº 183 (jun. 1985)
_wREV2036
999 _c17325
_d17325